Statistics for Hawaii State Quiz

Click here to take the quiz!

General Stats

  • This quiz has been taken 89 times
  • The average score is 8 of 15

Answer Stats

HintAnswer% Correct
CapitalHonolulu
100%
Second largest islandMaui
84%
Above is on what islandOahu
82%
Garden Isle (Fourth largest island)Kauai
77%
Fourth largest cityHilo
70%
Fifth largest islandMolokai
70%
Highest pointMauna Kea
70%
Sixth largest islandLanai
59%
Third largest cityPearl City
55%
Highest point in MauiHaleakala
45%
Second largest cityEast Honolulu
25%
Fifth largest cityWaipahu
18%
Longest RiverWaimea River
7%
Channel between Molokai and OahuKaiwi Channel
7%
Channel between Maui and HawaiiAlenuihaha Channel
4%

Score Distribution

Percentile by Number Answered

Percent of People with Each Score

Your Score History

You have not taken this quiz